000 01590 a2200229 4500
001 52990
005 20260407155804.0
008 260407a1985 arg spa d
003 AR-UNSa-BCEJYS
040 _aAR-UNSa-BCEJYS
_bspa
_cAR-UNSa-BCEJYS
080 _a165
_xTeoría del conocimiento. Epistemología
245 1 0 _aEpistemología
_pcurso de actualización
020 _a84-344-8004-2
264 1 _aBarcelona :
_bAriel
_c1985
300 _a275 p.
_c21 cm.
505 _aI. Introducción: 1. ¿Qué es y para qué sirve la epistemología? - 2. ¿Qué es y a qué puede aplicarse el método científico? - II. Filosofía de las ciencias formales: 3. Naturaleza de los objetos conceptuales - 4.¿Qué es una proposición? - III.Filosofía de la Física: 5. Referencia y contenido de una teoría Física - 6. Problemas filosóficos de la mecánica cuántica - IV. Filosofía de la Biología: 7. El concepto de organismo - 8. Biofilosofía - V. Filosofía de la Psicología: 9. Psicología y Filosofía - 10. El enfoque psicobiológico - VI. Filosofía de las ciencias sociales: 11. Examen filosófico del vocabulario sociológico - 12. Tres concepciones de la sociedad - VII. Filosofía de la Tecnología: 13. Tecnología y Filosofía - 14. Iatrofilosofía - VIII. Moralejas: 15. Tres politícas de desarrollo cientifíco - 16. Carta a una aprendiza de epistemóloga
041 _aspa
942 _cBK
590 _aniveau_biblio:m niveau_hierar:0
100 1 _aBunge, Mario
856 4 1 _uhttps://www.biblioeco.unsa.edu.ar/pmb/images/libros/L128365.jpg
_yImagen de portada
_qimage/jpeg
999 _c5041
_d5041